Formule 1 wereldkampioenen + jaartal - Statistieken

Algemene statistieken
  • Deze quiz is 84 keer genomen
  • De gemiddelde score is 40 van 74
Antwoordstatistieken
Hint Antwoord Antwoord % Correct
2023 Max Verstappen Red Bull Racing
100%
2022 Max Verstappen Red Bull Racing
98%
2021 Max Verstappen Red Bull Racing
98%
2020 Lewis Hamilton Mercedes
96%
2019 Lewis Hamilton Mercedes
96%
2018 Lewis Hamilton Mercedes
96%
2017 Lewis Hamilton Mercedes
96%
2015 Lewis Hamilton Mercedes
92%
2014 Lewis Hamilton Mercedes
92%
2013 Sebastian Vettel Red Bull Racing
90%
2012 Sebastian Vettel Red Bull Racing
90%
2011 Sebastian Vettel Red Bull Racing
90%
2010 Sebastian Vettel Red Bull Racing
90%
2016 Nico Rosberg Mercedes
88%
2006 Fernando Alonso Renault
85%
2005 Fernando Alonso Renault
85%
2008 Lewis Hamilton McLaren
85%
2000 Michael Schumacher Ferrari
85%
2004 Michael Schumacher Ferrari
83%
2003 Michael Schumacher Ferrari
83%
2002 Michael Schumacher Ferrari
83%
2001 Michael Schumacher Ferrari
83%
2007 Kimi Räikkönen Ferrari
81%
2009 Jensen Button Brawn GP
79%
1991 Ayrton Senna McLaren
69%
1990 Ayrton Senna McLaren
69%
1995 Michael Schumacher Benetton
69%
1994 Michael Schumacher Benetton
69%
1988 Ayrton Senna McLaren
67%
1989 Alain Prost McLaren
65%
1999 Mika Häkkinen McLaren
65%
1998 Mika Häkkinen McLaren
65%
1993 Alain Prost Williams
56%
1997 Jacques Villeneuve Williams
54%
1986 Alain Prost McLaren
52%
1985 Alain Prost McLaren
48%
1996 Damon Hill Williams
48%
1992 Nigel Mansell Williams
46%
1987 Nelson Piquet Williams
40%
1951 Juan Manuel Fangio Alfa Romeo
38%
1955 Juan Manuel Fangio Mercedes
37%
1954 Juan Manuel Fangio Mercedes
37%
1950 Nino Farina Alfa Romeo
37%
1953 Alberto Ascari Ferrari
35%
1952 Alberto Ascari Ferrari
35%
1956 Juan Manuel Fangio Ferrari
35%
1984 Niki Lauda McLaren
35%
1976 James Hunt McLaren
33%
1983 Nelson Piquet Brabham
33%
1977 Niki Lauda Ferrari
33%
1975 Niki Lauda Ferrari
33%
1957 Juan Manuel Fangio Maserati
31%
1981 Nelson Piquet Brabham
31%
1973 Jackie Stewart Tyrrell
27%
1971 Jackie Stewart Tyrrell
27%
1970 Jochem Rindt Lotus
27%
1979 Jody Scheckter Ferrari
25%
1974 Emerson Fittipaldi McLaren
23%
1972 Emerson Fittipaldi Lotus
23%
1962 Graham Hill BRM (British Racing Motors)
23%
1960 Jack Brabham Cooper
23%
1959 Jack Brabham Cooper
23%
1982 Keke Rosberg Williams
23%
1978 Mario Andretti Lotus
23%
1958 Mike Hawthorn Ferrari
23%
1961 Phill Hill Ferrari
23%
1980 Alan Jones Williams
21%
1966 Jack Brabham Brabham
21%
1969 Jackie Stewart Matra
21%
1965 Jim Clark Lotus
21%
1963 Jim Clark Lotus
21%
1967 Denny Hulme Brabham
19%
1964 John Surtees Ferrari
19%
1968 Graham Hill Lotus
17%
Geen overeenkomende quizzen gevonden
Scoreverdeling
Procent van Mensen met Elke Score
Percentiel versus Aantal Correcte Antwoorden
Uw Scoregeschiedenis
U heeft deze quiz nog niet genomen